Thực trạng việc dạy học môn toán theo hướng phát triển năng lực của học sinh phổ thông ở tỉnh Sơn La /

Enregistré dans:
Détails bibliographiques
Auteur principal: Nguyễn Triệu Sơn.
Autres auteurs: Hoàng Thị Hải Thơm, Hoàng Thị Thanh, Mai Anh Đức
Format: Article
Langue:Vietnamese
Sujets:
Tags: Ajouter un tag
Pas de tags, Soyez le premier à ajouter un tag!
Thư viện lưu trữ: Thư viện Trường Đại học Đà Lạt
LEADER 01033nam a2200301 4500
001 DLU190191003
005 ##20190513
040 # # |a DLU  |b vie 
041 # # |a vie 
044 # # |a vn 
100 # # |a Nguyễn Triệu Sơn. 
245 # # |a Thực trạng việc dạy học môn toán theo hướng phát triển năng lực của học sinh phổ thông ở tỉnh Sơn La /  |c Nguyễn Triệu Sơn, Mai Anh Đức, Hoàng Thị Thanh, Nguyễn Thị Hải Thơm. 
653 # # |a Dạy học môn toán 
653 # # |a Học sinh phổ thông 
653 # # |a Phát triển năng lực 
700 # # |a Hoàng Thị Hải Thơm 
700 # # |a Hoàng Thị Thanh 
700 # # |a Mai Anh Đức 
773 # # |t Tạp chí Giáo dục  |g Số 420, 2017, tr. 23-26 
920 # # |a Phòng Tạp chí -- Trung tâm Thông tin - Thư viện Trường Đại học Đà Lạt 
994 # # |a DLU 
900 # # |a True 
911 # # |a Trần Thị Minh Hương 
925 # # |a G 
926 # # |a A 
927 # # |a BB 
980 # # |a Thư viện Trường Đại học Đà Lạt